| 000 | 00502nab a2200145Ia 4500 | ||
|---|---|---|---|
| 003 | ES-SlBCS | ||
| 005 | 20210601131248.0 | ||
| 008 | 140529s1979 xxu||||| |||| 00| 0 fre d | ||
| 041 | _afre | ||
| 100 | 1 |
_aSiegwalt, Gérard _910841 |
|
| 245 | 0 | 0 |
_aLes fondements du monde contemporain, un défi pour les sciences et la théologie _c Gérard Siegwalt |
| 650 | 0 | 4 |
_aMundo Contemporáneo _9155656 |
| 773 | 0 |
_tRevue D'histoire et de Philosophie Religieuses _gvol. 59, 1979, págs. 19-35 _wRev885 |
|
| 942 | _cAR | ||
| 999 |
_c560290 _d560290 |
||